00422nam a2200157Ia 4500008004100000020001800041082001800059100002000077245002800097250000600125260003900131300001500170500002400185650001500209700004000224230524s9999 xx 000 0 und d a9788186866303 a621.3121bELA aC. Elanchezhian 0aPower Plant Engineering a1 aNew DelhibI.K.Internationalc2014 a"XV,1.2p;" aQuantity Number: 1 aElectrical aL. Saravanakumar & B.Vijaya Ramnath